| 000 | 00440nam a2200157 4500 | ||
|---|---|---|---|
| 001 | 120628 | ||
| 003 | ES-MaACL | ||
| 005 | 20230906191605.0 | ||
| 007 | t| | ||
| 008 | 070214s1962 sp r ||||1| spa d | ||
| 100 | 1 |
_aPozo Garza, Luz. _993546 |
|
| 245 | 1 | 0 |
_aCita en el viento / _cLuz Pozo Garza. |
| 260 |
_aVivero : _b[s. n.], _c1962 ( _fImp. A. Santiago) |
||
| 300 |
_a35 p., 5 lám. ; _c22 cm. |
||
| 852 |
_aES-MaACL _j2029-F-24 _bR.51555 |
||
| 999 |
_c120628 _d120628 |
||